LEADER 01056nam a2200217 i 4500 001 000000010402 003 CaOOAMICUS 005 20180830125440.0 008 180830s1982 it u000 u ita u 040 $aSeMil$bita 245 10$aCorso di teologia. 260 $aRoma :$bCittà Nuova,$c1982. 300 $av. ;$c22 cm. 710 2 $aUniversità popolare mariana .$0(OLS)http://semarc/name/5068 774 0 $tChiesa salvezza dell'uomo.$dRoma : Città Nuova, 1984-1986.$w()22469 774 0 $aHeinz, Hanspeter$tSperanza cristiana.$dRoma : Città Nuova, 1988.$z88-311-3285-7$g4$w()35119 774 0 $t2.$dRoma : Città Nuova, 1986.$z88-311-3284-9$g3$w()35280 774 0 $tProgetto di Dio sull'uomo e suo compimento in Cristo, la Chiesa, profezia dell'umanità compiuta, la Parola, i ministeri e i carismi.$dRoma : Città Nuova, 1984.$z88-311-3283-0$g3$w()45204 774 0 $tGesù Cristo.$g1$w()250595 996 $6245$aCorso di teologia$9(OLS)http://semarc/title/13742 996 $6260$aRoma :$bCittà Nuova$9(OLS)http://semarc/publisher/29609 LEADER 01140nam a2200253 i 4500 001 000000237933 003 CaOOAMICUS 005 20230626101844.0 008 150115s1888 it u000 u ita u 040 $aSeMil$bita 100 1 $aTosti, Luigi,$c.$0(OLS)http://semarc/name/14180 245 10$a13: Storia dell'origine dello scisma greco /$cd. Luigi Tosti. 264 1$aRoma :$bL. Pasqualucci,$c1888. 300 $aXV, 515 p. ;$c23 cm. 500 $aContiene anche Documenti in latino 500 $aVolume unico 650 4$aScisma d'Oriente.$0(OLS)http://semarc/subject/3469 773 0 $aTosti, Luigi $tOpere complete di D. Luigi Tosti.$dRoma : Tipografia della Camera dei Deputati : [poi] ... L. Pasqualucci, 1886-1899.$g13$w()31246 850 $aSeMil 852 $aSeMil$W1$xVenegono$y1$m3C III 13 FA$j188279$B188279$CSeMilBibl$Z2$F199086 $8I 961 $aRecupero: Bernareggi, Domenico 996 $6245$a13: Storia dell'origine dello scisma greco$9(OLS)http://semarc/title/339145 996 $6264$aRoma :$bL. Pasqualucci$9(OLS)http://semarc/publisher/38848